00824nam a2200241Ia 4500003000400000005001700004008004100021020001400062040000700076041001200083082002100095100002100116245006800137260004300205300003200248365001300280650001900293650002200312906007100334942001200405999001900417952014600436OSt20250703194307.0210423s2005 xx 000 0 und d a812201964 cAL aEnglish a070.1 223bRAYE aBuck Ryan981749 aEditors toolbox: reference guide for beginners and professional aNew DelhibSurjeeth Publicationsc2005 axiv,365p.bPBc27.5x21.5cm. b395cINR aGeneral981750 aMass Media981751 abeginners ; Editors ; guide ; professionals. ; reference ; toolbox 2ddccBK c155436d155436 00102ddc40708MAJMCaSACPGbSACPGd2008-07-08eHigginbothams Pvt Ltdg395.00l0o070.1 RYAEpPG001908r2022-08-24 00:00:00w2021-04-26yBK